Quizzes
Events
Quiz Creation
Community
Videos
Private Events
Remove Ads
Sign In
Join for FREE
Feedback
Dark Mode
Quiz Categories
Sports
Geography
Music
Movies
Television
Just For Fun
Miscellaneous
History
Literature
Language
Science
Gaming
Entertainment
Religion
Holiday
For Kids
Quiz Lab
Recent
Popular Today
Quiz Kudos Today
Editor Picks
Curator Picks
Quizzes by...
Day
Popularity
Type
Ratings
Length
Year
Community
Subscriptions
Recent Discussions
Orange Saloon
Badges
Playlists
Quests
Create
Leaderboards
Showdown
Live 5
Trivia Bingo
Activity
Puzzle Library
Sporcle Events
Private Events
Virtual Trivia
Globe League
Become a Host
Pub Owners
SporcleCon
Opinionation
Our Games
Videos
Blog
Mobile Apps
Partnerships
Remove Ads and Go Orange
Feedback
Television
TV Characters
TV Show
Sitcom
Network
Friends
Reality Shows
Cast
South Park
Star Trek
The Simpsons
Doctor Who
Television
TV Characters
TV Show
Sitcom
Network
Friends
Reality Shows
Cast
South Park
Star Trek
The Simpsons
Doctor Who
Random Quiz
Search Sporcle
×
Quiz Lab
Quiz Lab
Television
Quote
Type in answers that appear in a list
Type in answers that appear in a list
Classic
Best Score? Go Orange.
Friends Quotes - Who said what Stats
Can you name the Friends character who said this? ?
By
smerfetka
5m
30 Questions
551 Plays
551 Plays
551 Plays
Comments
Comments
Give Quiz Kudos
Give Quiz Kudos
-
- Ratings
hide this ad
Forced Order
Answers have to be entered in order
Answers have to be entered in order
Replay
Link that replays current quiz
Next Quiz
Link to next quiz in quiz playlist
You Got
0%
They Got
Avg Score
45%
Avg Friend Score
Upgrade to see
Score Distribution
Jump to the score distribution portion of the page
Score
0/30
Timer
05:00
0
Plays Today
Who said this
% Correct
No!! Okay?! Why does everyone keep fixating on that? She didn't know, how should I know?
Ross
91.1%
C'mon, you're going out with the guy! There's gotta be something wrong with him!
Joey
86.9%
And you've got lenses! But you hate sticking your finger in your eye!
Rachel
77.9%
No, yeah, no, ok, but not yet. I don't wanna seem too eager. One Mississippi, two Mississippi, three Mississippi. That seems pretty cool.
Joey
76%
We don't speak. She's like this high-
powered, driven career type.
Phoebe
70.6%
Yeah, you have homosexual hair.
Phoebe
63.3%
Yeah, but if you spent it, it would be like shopping!
Rachel
60.4%
So does he have a hump? A hump and a hairpiece?
Chandler
57.9%
Really?! Well, that’s just lovely, isn’t it? I must’ve missed your call, even though I didn’t leave the flat all day.
Emily
52.6%
Ooh, this is a Dear Diary moment
Chandler
52.3%
That’s not even a word! I can get this! I can get this!
Monica
50.1%
People ask me why we’re not together, I just don’t know what to tell them.
Ross
48.1%
So I think Alan will become the yardstick against which all future boyfriends will be measured.
Ross
47.4%
Wait, you're not 'G.Stephanopoulos'? Man, my dad's gonna kill me!
Pizza Guy
46.5%
Uh, in the future, if I could see the schedule beforehand...
Richard
45.2%
Who said this
% Correct
I think it's time to kick you in the nuts and see which is worse!
Erica
43%
Ah, you... have the sex?
Paolo
39.7%
Well, let's see... uh... I know that she has a meeting with her lawyer and then she has to make a very big poop. Why?
Rachel
36.8%
Ok, you're being wierd. Do you want sex or did you do something bad?
Monica
36.3%
Huh. Well, I’m supposed to be working at the restaurant tonight. I’m supposed to be working right now, so who cares.
Ursula
35%
That's funny, because you know, you are a huge crapweasel!
Ross
33.8%
Yeah, I’m riding the alimony pony.
Janice
32.8%
No, he was this creepy guy from high school who had this huge crush on
Amy
31.2%
Umm, I'm sorry Judy, I couldn't find that bowl that you and Jack were looking for.
Ross
30.9%
You're right. She probably will support me. Hey, unless we move in with you, dad?
Mike
28.7%
Oh, he’s fine. He’s fine. It’s just that us getting along is difficult for him, because he doesn’t like me.
Susan
24.5%
Me? I'm fine, fine. I'm glad you're here. ...What's with your hair?
Judy Geller
22%
You’re into hardcore S&M right?
Joshua
22%
You know what else? He's unbelievable in bed
Angela
12.3%
But I'm sorry. There's nothing I can do... Ah, it's not true, there is... nothing I want to do.
Mr. Zelner
12%
Quiz Playlist
Details
Report
Send in Message
Add To Playlist
Classic:
Type in answers that appear in a list
Forced Order:
Answers have to be entered in order
Last Updated: Feb 16, 2017
Quiz Scoreboard
CHALLENGE
Sign Up to Join the Scoreboard
Show All
Scores
Hide
Comments
May contain spoilers
Recently Published
TV Characters by Other Roles V
by ghcgh
Television
5m
Decade Duel: World Leaders
by jenniferyan
History
4m
Alphabetical 'K' Countries by Flag Minefield
by ylime102
Geography
3m
More to Explore
Quiz From the Vault
Featured Blog Post
15 Basketball Trivia Facts You Can Be March Mad About
hide this ad
You Might Also Like...
Tags
Friends Quiz
Quote Quiz
Sitcom Quiz
Character
Friends Characters
Today's Top Quizzes in Television
Browse Television
hide this ad
Today's Top Quizzes in Quote
Browse Quote
Top Contributed Quizzes in Television
1
Hidden Simpsons Character
2
First Name TV: Leading Men
3
Hidden Simpsons Character XXIV
4
First Name TV: Leading Women Drama
5
One Piece Logic Puzzle
6
Hidden Simpsons Character II
7
Hidden Simpsons Character XXV
8
Hidden Simpsons Character XXVI
9
Hidden Simpsons Character III
10
Pick A Pair: Religious TV
Explore More
Trending Topics
Crossword
Anime
Disney
Kpop
Harry Potter
Marvel
NBA
Puzzle
Pokémon
NFL
Song
Soccer
The Office
WWE
Country
hide this ad
More By:
smerfetka
Quiz
Plays
Rating
Category
Featured
Created
Friends Quotes - Who said what
551
4.00
Television
Oct 15, 2010
Matthew Gray Gubler
404
2.75
Television
Oct 15, 2010
Go to Creator's Profile
Score Distribution
Quiz Creator Spotlight
smerfetka
Follow
Send a Message
Quizzes Created
-
Created Quiz Play Count
-
More By This Creator
Popular Quizzes Today
1
Countries of Asia Without Outlines Minefield
2
Find the US States - No Outlines Minefield
3
Pick 6: Fruits
4
The Countries of the World
5
Alphabetical 'K' Countries by Flag Minefield
6
Find the Countries of Europe - No Outlines Minefield
7
US States
8
Find the US States
More Television Quizzes
The Last: Television
Published
Trending Quizzes
Pick 6: Mountains
Pick 6: Harry Potter
Pick 6: Flags
Pick 6: NFL Teams
Pick 6: Movie Franchises
Recently Updated
Adaptations: Name the Title
pecheneg
NWSL Teams
pecheneg
Women's Final Four Teams by Year
bhenderson79
Presidents Quartet II
eogle
Anything But Clue(do)
eogle
Anything But Oceanian Capitals
eogle
Anything But 7
eogle
Anything But Thing
eogle
Word Ladder: February 29
pecheneg
Song Title Questions
pecheneg
Trending Topics
Kpop
Anime
NBA
Harry Potter
Marvel
Crossword
Disney
WWE
Pokémon
Country
The Office
NFL
Puzzle
Soccer
Song
Your Account Isn't Verified!
In order to create a playlist on Sporcle, you need to verify the email address you used during registration. Go to your
Sporcle Settings
to finish the process.
Report this User
Report this user for behavior that violates our
Community Guidelines
.
Details:
Send Report
Go to the Sporcle.com Mobile Site →
Comments